000 00405nam a2200169Ia 4500
001 6355
003 IN-NITTTR
005 20251114233018.0
008 251113s9999||||xx |||||||||||||| ||eng||
040 _beng
040 _cIN-NITTTR
041 _aeng
082 _a150 N923 I
100 _aNunnally, Jumm C.
245 0 _aIntroduction to psychological measurement /
_cNunnally, Jumm C.
942 _2ddc
_cBK
999 _c8993
_d8993